000 00296nam a22001337a 4500
008 181031b xxu||||| |||| 00| 0 eng d
020 _a9780618830794
041 _aeng
080 _210th
_a371
100 _a46
101 _aEDU
245 _aReading for Results
_cFlemming,L
942 _2udc
_cBK
999 _c51244
_d51244